[Event "GER-ch 2012-F-V8 serv"]
[Site "GER email"]
[Date "2012.11.05"]
[Round "?"]
[White "Hopp, Karlheinz"]
[Black "Pukropski, Goetz"]
[Result "1-0"]
[WhiteElo "2011"]
[BlackElo "1865"]
[PlyCount "93"]
[EventDate "2012.11.19"]
[EventType "tourn (corr)"]
[EventRounds "6"]
[EventCountry "GER"]
[SourceTitle "Corr 2015"]
[Source "ChessBase"]
[SourceDate "2015.07.17"]
[SourceVersion "1"]
[SourceVersionDate "2015.07.17"]
[SourceQuality "1"]

1. d4 Nf6 2. c4 g6 3. Nc3 Bg7 4. e4 d6 5. h3 0-0 6. Be3 e5 7. d5 a5 8. Bd3 Na6 9. Nge2 Bd7 10. 0-0 Nc5 11. Bc2 b6 12. b3 Nh5 13. Qd2 f5 14. exf5 gxf5 15. f4 Qe7 16. fxe5 dxe5 17. d6 Qxd6 18. Qxd6 cxd6 19. Rad1 Nb7 20. Nd5 Rae8 21. Nxb6 Be6 22. Nd5 Bd7 23. Nc7 Rc8 24. Bb6 Bh6 25. Nd5 Rce8 26. Rf2 e4 27. a3 Bg5 28. b4 axb4 29. axb4 Nf6 30. Nc7 Rb8 31. Nf4 Nd8 32. c5 Nf7 33. Bb3 e3 34. Rf3 dxc5 35. Bxc5 Bc6 36. Nfd5 Nxd5 37. Bxd5 Bxd5 38. Nxd5 Rfe8 39. Nxe3 Bxe3+ 40. Bxe3 Ne5 41. Rg3+ Kf7 42. Rf1 Rxb4 43. Rxf5+ Ke6 44. Rh5 Re7 45. Bc5 Rb1+ 46. Kh2 Rd7 47. Re3 1-0

[Event "GER-ch 2012-C-V6 serv"]
[Site "GER email"]
[Date "2012.07.06"]
[Round "?"]
[White "Bars, Joachim"]
[Black "Pukropski, Goetz"]
[Result "1-0"]
[WhiteElo "2166"]
[BlackElo "1912"]
[PlyCount "71"]
[EventDate "2012.07.12"]
[EventType "tourn (corr)"]
[EventRounds "6"]
[EventCountry "GER"]
[SourceTitle "Corr 2015"]
[Source "ChessBase"]
[SourceDate "2015.07.17"]
[SourceVersion "1"]
[SourceVersionDate "2015.07.17"]
[SourceQuality "1"]

1. d4 g6 2. c4 Nf6 3. Nc3 Bg7 4. e4 d6 5. Be2 0-0 6. Bg5 c5 7. d5 h6 8. Bf4 Qb6 9. Qd2 Nbd7 10. Rb1 Kh7 11. h3 Ne5 12. Bh2 g5 13. Bxe5 dxe5 14. Nf3 Ne8 15. Qe3 Nd6 16. g4 f6 17. Nd2 Bd7 18. 0-0 Qc7 19. a4 Rfc8 20. Nb5 Qa5 21. b4 cxb4 22. Rfc1 Nf7 23. Nb3 Qb6 24. c5 Qd8 25. c6 bxc6 26. Nxa7 Rc7 27. Nxc6 Bxc6 28. dxc6 Rxa4 29. Bc4 Nd6 30. Bd5 Rca7 31. Qd2 Nb5 32. Nc5 Nd4 33. Kg2 Ra3 34. Qxb4 h5 35. Ne6 Nxe6 36. Bxe6 1-0

[Event "GER MS-157 email"]
[Site "GER email"]
[Date "2012.04.22"]
[Round "?"]
[White "Pukropski, Goetz"]
[Black "Wurtinger, Rainer"]
[Result "0-1"]
[WhiteElo "1912"]
[BlackElo "2122"]
[PlyCount "106"]
[EventDate "2012.05.04"]
[EventType "tourn (corr)"]
[EventRounds "6"]
[EventCountry "GER"]
[SourceTitle "Corr 2015"]
[Source "ChessBase"]
[SourceDate "2015.07.17"]
[SourceVersion "1"]
[SourceVersionDate "2015.07.17"]
[SourceQuality "1"]

1. d4 Nf6 2. c4 e6 3. Nf3 d5 4. Nc3 c6 5. cxd5 exd5 6. Bf4 Bf5 7. e3 Qb6 8. Bd3 Bxd3 9. Qxd3 Qa6 10. Ne5 Be7 11. Qf5 Nbd7 12. h4 Nxe5 13. Bxe5 0-0 14. Rh3 Ne8 15. h5 f6 16. Bf4 Bb4 17. a3 Bxc3+ 18. bxc3 Rf7 19. Rg3 Re7 20. Kd2 Rd8 21. Qb1 c5 22. dxc5 Qc6 23. h6 g6 24. Rg4 Re4 25. f3 Rc4 26. Ra2 Rxc5 27. Rxg6+ hxg6 28. Qxg6+ Kh8 29. Qf7 Rd7 30. Qxe8+ Kh7 31. Ke2 Rxc3 32. Kf2 d4 33. exd4 Rc2+ 34. Rxc2 Qxc2+ 35. Kg1 Qd1+ 36. Kh2 Qxd4 37. Kh3 Qd5 38. Qe2 Qh5+ 39. Kg3 b6 40. Qe1 Qf5 41. Qe2 b5 42. Qe1 Qd5 43. Qe3 a5 44. Qb6 b4 45. axb4 Qg8+ 46. Kh2 Qc4 47. Bg3 axb4 48. Qxf6 Qf7 49. Qa1 b3 50. Be5 Qf5 51. Kg1 Kxh6 52. Qc1+ Kg6 53. Qe3 Qd3 0-1

[Event "GER MS-158 email"]
[Site "GER email"]
[Date "2012.04.22"]
[Round "?"]
[White "Pukropski, Goetz"]
[Black "Wurtinger, Rainer"]
[Result "0-1"]
[WhiteElo "1854"]
[BlackElo "2183"]
[PlyCount "104"]
[EventDate "2012.05.06"]
[EventType "tourn (corr)"]
[EventRounds "6"]
[EventCountry "GER"]
[SourceTitle "Corr 2015"]
[Source "ChessBase"]
[SourceDate "2015.07.17"]
[SourceVersion "1"]
[SourceVersionDate "2015.07.17"]
[SourceQuality "1"]

1. d4 Nf6 2. c4 e6 3. Nf3 d5 4. Nc3 c6 5. cxd5 exd5 6. Bg5 Be7 7. e3 0-0 8. Bxf6 Bxf6 9. Bd3 Be6 10. Rc1 Nd7 11. 0-0 Be7 12. h3 Bd6 13. Qb3 Rb8 14. Qc2 g6 15. Rfe1 Re8 16. a3 Rc8 17. e4 Bf4 18. Ra1 a6 19. Re2 b5 20. b4 Nb6 21. e5 Nc4 22. Ree1 a5 23. Bxc4 bxc4 24. Na4 Ra8 25. Nc5 Bc8 26. Qc3 Bh6 27. Reb1 Bf5 28. Re1 Re7 29. g4 Bc8 30. Kg2 Rea7 31. Qb2 Bf8 32. Reb1 h5 33. gxh5 Bf5 34. Rg1 axb4 35. hxg6 fxg6 36. axb4 Bxc5 37. bxc5 Be4 38. Rxa7 Rxa7 39. Kg3 Rf7 40. Ne1 Qg5+ 41. Kh2 Qf4+ 42. Rg3 Qxf2+ 43. Qxf2 Rxf2+ 44. Kg1 Rd2 45. Ra3 Rxd4 46. Kf2 Kf7 47. Ke3 Rd1 48. Ke2 Rb1 49. Nf3 Bxf3+ 50. Rxf3+ Ke6 51. Rf6+ Kxe5 52. Rxc6 Rb2+ 0-1

[Event "GER MS-158 email"]
[Site "GER email"]
[Date "2012.04.22"]
[Round "?"]
[White "Schumacher, Frank"]
[Black "Pukropski, Goetz"]
[Result "0-1"]
[WhiteElo "1962"]
[BlackElo "1854"]
[PlyCount "134"]
[EventDate "2012.05.06"]
[EventType "tourn (corr)"]
[EventRounds "6"]
[EventCountry "GER"]
[SourceTitle "Corr 2015"]
[Source "ChessBase"]
[SourceDate "2015.07.17"]
[SourceVersion "1"]
[SourceVersionDate "2015.07.17"]
[SourceQuality "1"]

1. d4 Nf6 2. c4 g6 3. Nc3 Bg7 4. e4 d6 5. Nf3 0-0 6. Be2 c5 7. d5 e6 8. 0-0 exd5 9. cxd5 Re8 10. Nd2 Na6 11. f3 Nc7 12. a4 Nd7 13. Nc4 Ne5 14. Ne3 Na6 15. a5 Nb4 16. f4 Nd7 17. Bf3 b5 18. axb6 Nxb6 19. f5 a5 20. Be2 Nd7 21. Ng4 Ne5 22. Nh6+ Bxh6 23. Bxh6 Ba6 24. Bxa6 Rxa6 25. Bf4 Nbd3 26. Bxe5 Nxe5 27. f6 Nd7 28. Rf2 c4 29. Qd4 Ne5 30. Qd2 Kh8 31. Na4 Qb8 32. Rff1 Qb4 33. Qh6 Rg8 34. Qe3 g5 35. Qd4 g4 36. Qe3 Raa8 37. Ra2 Qb3 38. Nc3 Nd3 39. g3 a4 40. Qd4 Rab8 41. Qe3 Qc2 42. Qe2 Qxe2 43. Nxe2 Rxb2 44. Rxb2 Nxb2 45. Kf2 Rb8 46. Nd4 h5 47. Nf5 Kh7 48. Ke2 c3 49. Ra1 Rb4 50. Ke3 Kg6 51. Ne7+ Kxf6 52. Nc6 Rb3 53. Rf1+ Kg5 54. Nd4 c2+ 55. Ke2 Nc4 56. Nxc2 Rb2 57. Kd3 Rxc2 58. Ra1 Rxh2 59. Kxc4 h4 60. e5 hxg3 61. exd6 f5 62. d7 Rh8 63. Rd1 Rd8 64. Kb5 f4 65. Kc6 g2 66. Kc7 Rxd7+ 67. Kxd7 f3 0-1

[Event "GER MS-156 email"]
[Site "GER email"]
[Date "2012.04.22"]
[Round "?"]
[White "Wuttke, Johannes"]
[Black "Pukropski, Goetz"]
[Result "1-0"]
[WhiteElo "2026"]
[BlackElo "1867"]
[PlyCount "101"]
[EventDate "2012.05.04"]
[EventType "tourn (corr)"]
[EventRounds "6"]
[EventCountry "GER"]
[SourceTitle "Corr 2015"]
[Source "ChessBase"]
[SourceDate "2015.07.17"]
[SourceVersion "1"]
[SourceVersionDate "2015.07.17"]
[SourceQuality "1"]

1. Nf3 Nf6 2. g3 d5 3. Bg2 g6 4. 0-0 Bg7 5. d4 0-0 6. c4 dxc4 7. Na3 Nc6 8. Nxc4 Bf5 9. b3 Be4 10. Bb2 Qc8 11. Ncd2 Bd5 12. Re1 Ne4 13. Nf1 Rd8 14. Ne3 Be6 15. Qc1 f5 16. Rd1 Bh6 17. h4 Nb4 18. d5 Nxd5 19. Ng5 Bxg5 20. hxg5 Kf8 21. Kh2 a5 22. f3 Nxe3 23. Qxe3 Rxd1 24. Rxd1 Nd6 25. Qe5 Ke8 26. e4 a4 27. exf5 gxf5 28. Re1 axb3 29. axb3 Ra2 30. Bd4 c5 31. Bxc5 Nf7 32. Qxe6 Qxc5 33. b4 Qxb4 34. Qc8+ Nd8 35. Rd1 Rd2 36. Rxd2 Qxd2 37. Qxf5 e6 38. Qe5 Qd3 39. Qb2 b5 40. f4 Kd7 41. Qf2 Nc6 42. Bf1 Qd4 43. Qc2 b4 44. Bb5 Qc3 45. Qxh7+ Kd6 46. Qb7 Nd4 47. Kh3 Nxb5 48. Qxb5 b3 49. Qb8+ Kc5 50. Qc8+ Kd4 51. Qxc3+ 1-0

[Event "GER-ch59 final email"]
[Site "GER email"]
[Date "2012.01.27"]
[Round "?"]
[White "Pukropski, Goetz"]
[Black "Mueller, Detlef"]
[Result "1/2-1/2"]
[WhiteElo "1936"]
[BlackElo "2093"]
[PlyCount "57"]
[EventDate "2012.02.06"]
[EventType "tourn (corr)"]
[EventRounds "12"]
[EventCountry "GER"]
[SourceTitle "Corr 2015"]
[Source "ChessBase"]
[SourceDate "2015.07.17"]
[SourceVersion "1"]
[SourceVersionDate "2015.07.17"]
[SourceQuality "1"]

1. d4 d5 2. Nf3 Nf6 3. c4 c6 4. e3 e6 5. Bd3 Nbd7 6. Nc3 dxc4 7. Bxc4 b5 8. Bd3 a6 9. e4 c5 10. d5 Qc7 11. 0-0 Bb7 12. Qe2 c4 13. Bc2 Bd6 14. dxe6 fxe6 15. Nd4 Bxh2+ 16. Kh1 Nc5 17. f4 Bg3 18. e5 0-0 19. Kg1 Rad8 20. exf6 Rxd4 21. Qe3 Rd3 22. Bxd3 Nxd3 23. Qxe6+ Kh8 24. Ne4 Bxe4 25. fxg7+ Qxg7 26. Qxe4 Qh6 27. Qd4+ Kg8 28. Qd5+ Kh8 29. Qd4+ 1/2-1/2

[Event "GER HS-108 email"]
[Site "GER email"]
[Date "2011.08.15"]
[Round "?"]
[White "Huemmler, Thomas"]
[Black "Pukropski, Goetz"]
[Result "0-1"]
[WhiteElo "1733"]
[BlackElo "1884"]
[PlyCount "92"]
[EventDate "2011.08.22"]
[EventType "tourn (corr)"]
[EventRounds "6"]
[EventCountry "GER"]
[SourceTitle "Corr 2015"]
[Source "ChessBase"]
[SourceDate "2015.07.17"]
[SourceVersion "1"]
[SourceVersionDate "2015.07.17"]
[SourceQuality "1"]
[WhiteTeam "Germany"]
[BlackTeam "Germany"]
[WhiteTeamCountry "GER"]
[BlackTeamCountry "GER"]

1. c4 g6 2. g3 Bg7 3. Bg2 Nf6 4. Nc3 0-0 5. e4 d6 6. Nge2 c5 7. 0-0 Nc6 8. d3 Bd7 9. h3 a6 10. Be3 Rb8 11. Qd2 b5 12. cxb5 axb5 13. d4 Na5 14. dxc5 Nc4 15. Qc1 b4 16. Nd1 Bb5 17. cxd6 Qxd6 18. Re1 Nd7 19. Bf4 e5 20. Be3 Rfc8 21. a4 Ba6 22. a5 Na3 23. Ndc3 bxc3 24. bxa3 Nc5 25. Qxc3 Nb3 26. Qb2 Nd4 27. Qa2 Rc2 28. Qd5 Nxe2+ 29. Kh2 Bf8 30. Reb1 Nd4 31. Qxd6 Bxd6 32. Rxb8+ Bxb8 33. Bf1 Bxf1 34. Rxf1 Ra2 35. Rc1 Kg7 36. Rc3 Ba7 37. a6 Rb2 38. Kg2 Rb6 39. Rc4 Rxa6 40. a4 Nb3 41. Bxa7 Rxa7 42. f4 exf4 43. gxf4 Ra5 44. e5 Nc5 45. Rc3 Nxa4 46. Ra3 Ra6 0-1

[Event "GER HS-107 email"]
[Site "GER email"]
[Date "2011.08.01"]
[Round "?"]
[White "Hoffmann, Heiko"]
[Black "Pukropski, Goetz"]
[Result "1/2-1/2"]
[WhiteElo "1894"]
[BlackElo "1884"]
[PlyCount "62"]
[EventDate "2011.08.05"]
[EventType "tourn (corr)"]
[EventRounds "6"]
[EventCountry "GER"]
[SourceTitle "Corr 2015"]
[Source "ChessBase"]
[SourceDate "2015.07.17"]
[SourceVersion "1"]
[SourceVersionDate "2015.07.17"]
[SourceQuality "1"]
[WhiteTeam "Germany"]
[BlackTeam "Germany"]
[WhiteTeamCountry "GER"]
[BlackTeamCountry "GER"]

1. e4 g6 2. d4 Bg7 3. Nf3 d6 4. Nc3 Nf6 5. Bd3 0-0 6. 0-0 Bg4 7. h3 Bxf3 8. Qxf3 Nbd7 9. Ne2 c6 10. c4 c5 11. Rd1 Qb6 12. Bc2 cxd4 13. Nxd4 Ne8 14. Qd3 Nc5 15. Qe3 Nc7 16. Rb1 N5e6 17. Nxe6 Nxe6 18. Qxb6 axb6 19. a3 Rfc8 20. Bd3 h5 21. b3 h4 22. a4 Bf6 23. f4 g5 24. f5 Nc5 25. Be3 Kg7 26. Kf1 Kh6 27. Kf2 Be5 28. Kf3 Kh5 29. Bg1 Rg8 30. Be2 Rgc8 31. Rd5 Re8 1/2-1/2

[Event "GER HS-107 email"]
[Site "GER email"]
[Date "2011.08.01"]
[Round "?"]
[White "Pukropski, Goetz"]
[Black "Hansen, Heinz"]
[Result "1/2-1/2"]
[WhiteElo "1884"]
[BlackElo "1826"]
[PlyCount "86"]
[EventDate "2011.08.05"]
[EventType "tourn (corr)"]
[EventRounds "6"]
[EventCountry "GER"]
[SourceTitle "Corr 2015"]
[Source "ChessBase"]
[SourceDate "2015.07.17"]
[SourceVersion "1"]
[SourceVersionDate "2015.07.17"]
[SourceQuality "1"]
[WhiteTeam "Germany"]
[BlackTeam "Germany"]
[WhiteTeamCountry "GER"]
[BlackTeamCountry "GER"]

1. d4 Nf6 2. Nf3 e6 3. g3 d5 4. Bg2 c5 5. 0-0 Nc6 6. c4 dxc4 7. dxc5 Qxd1 8. Rxd1 Bxc5 9. Nbd2 Ng4 10. Ne4 Be7 11. h3 Nf6 12. Nxf6+ gxf6 13. Nd2 Na5 14. b3 cxb3 15. axb3 Nc6 16. Nc4 0-0 17. Be3 Rd8 18. Rxd8+ Bxd8 19. Bc5 f5 20. b4 Bf6 21. Ra3 Bd7 22. Rd3 Be8 23. Nd6 Be7 24. Nxb7 Nxb4 25. Bxe7 Nxd3 26. exd3 a5 27. Ba3 a4 28. Kf1 Rc8 29. Nc5 Bc6 30. Bxc6 Rxc6 31. Ke2 Rb6 32. Kd2 Rb8 33. Kc3 h5 34. Nxa4 Rb1 35. h4 Kh7 36. Nb2 Rf1 37. Bc5 Rc1+ 38. Kb4 Rb1 39. Kb3 Kg6 40. Kc2 Rf1 41. Kd2 f4 42. Nc4 f6 43. Ke2 Rc1 1/2-1/2

[Event "GER HS-106 email"]
[Site "GER email"]
[Date "2011.07.07"]
[Round "?"]
[White "Pukropski, Goetz"]
[Black "Meller, Edwin"]
[Result "1-0"]
[WhiteElo "1936"]
[BlackElo "1919"]
[PlyCount "69"]
[EventDate "2011.07.06"]
[EventType "tourn (corr)"]
[EventRounds "6"]
[EventCountry "GER"]
[SourceTitle "Corr 2015"]
[Source "ChessBase"]
[SourceDate "2015.07.17"]
[SourceVersion "1"]
[SourceVersionDate "2015.07.17"]
[SourceQuality "1"]
[WhiteTeam "Germany"]
[BlackTeam "Latvia"]
[WhiteTeamCountry "GER"]
[BlackTeamCountry "LAT"]

1. d4 Nf6 2. c4 d5 3. cxd5 c6 4. Nf3 Nxd5 5. Nc3 Nxc3 6. bxc3 g6 7. e4 Bg7 8. Be2 Nd7 9. 0-0 0-0 10. Qc2 Qc7 11. Qd3 Re8 12. Be3 b5 13. c4 b4 14. a3 Nb6 15. axb4 Nd7 16. Ra5 Bb7 17. Rfa1 Red8 18. e5 c5 19. Qc3 cxd4 20. Bxd4 e6 21. Rxa7 Rxa7 22. Rxa7 Ra8 23. Rxa8+ Bxa8 24. g3 Bxf3 25. Qxf3 Qb8 26. Qa3 Bxe5 27. Be3 Bd6 28. Qa4 Qc7 29. Qa8+ Kg7 30. Qa3 Be7 31. c5 h5 32. Qc3+ Bf6 33. Qc1 Bd8 34. b5 f5 35. b6 1-0

[Event "GER-ch64 V09 email"]
[Site "GER email"]
[Date "2011.06.10"]
[Round "?"]
[White "Pukropski, Goetz"]
[Black "Semmelroth, Heinz Dieter"]
[Result "1/2-1/2"]
[WhiteElo "1925"]
[BlackElo "2081"]
[PlyCount "77"]
[EventDate "2011.06.17"]
[EventType "tourn (corr)"]
[EventRounds "6"]
[EventCountry "GER"]
[SourceTitle "Corr 2015"]
[Source "ChessBase"]
[SourceDate "2015.07.17"]
[SourceVersion "1"]
[SourceVersionDate "2015.07.17"]
[SourceQuality "1"]
[WhiteTeam "Germany"]
[BlackTeam "Germany"]
[WhiteTeamCountry "GER"]
[BlackTeamCountry "GER"]

1. d4 Nf6 2. Nf3 d5 3. c4 c6 4. e3 Bf5 5. Nc3 e6 6. Nh4 Be4 7. f3 Bg6 8. Nxg6 hxg6 9. Kf2 Nbd7 10. cxd5 exd5 11. g3 Bd6 12. Qb3 Qc7 13. Kg2 Nh5 14. Ne2 0-0 15. Bd2 Rfe8 16. Qc2 Re7 17. g4 Nhf6 18. Nc3 Rae8 19. Re1 Nf8 20. Bd3 Qd7 21. Qd1 Ne6 22. h4 a6 23. a3 Bc7 24. b4 a5 25. Reg1 Qd6 26. Kf2 Bb6 27. Ne2 axb4 28. axb4 Ra8 29. Qc2 Ree8 30. h5 g5 31. Kg2 Ra3 32. Ra1 Rxa1 33. Rxa1 Bc7 34. Rh1 Ra8 35. Bc3 b5 36. Be1 Ra3 37. Ng3 Qf8 38. Nf5 Ne8 39. Bc3 1/2-1/2

[Event "GER HS-093 email"]
[Site "GER email"]
[Date "2011.01.30"]
[Round "?"]
[White "Herzog, Klaus"]
[Black "Pukropski, Goetz"]
[Result "1/2-1/2"]
[WhiteElo "1862"]
[BlackElo "1936"]
[PlyCount "57"]
[EventDate "2011.02.03"]
[EventType "tourn (corr)"]
[EventRounds "6"]
[EventCountry "GER"]
[SourceTitle "Corr 2015"]
[Source "ChessBase"]
[SourceDate "2015.07.17"]
[SourceVersion "1"]
[SourceVersionDate "2015.07.17"]
[SourceQuality "1"]
[WhiteTeam "Germany"]
[BlackTeam "Latvia"]
[WhiteTeamCountry "GER"]
[BlackTeamCountry "LAT"]

1. e4 g6 2. d4 Bg7 3. Nc3 d6 4. f4 Nf6 5. Nf3 0-0 6. Bd3 Nc6 7. e5 dxe5 8. fxe5 Nd7 9. 0-0 Nb6 10. Be3 Bg4 11. Be4 Qd7 12. Qd3 f5 13. Bxc6 Qxc6 14. Bg5 Rae8 15. Nd2 h6 16. Be3 e6 17. h3 Bh5 18. b4 Na4 19. Nxa4 Qxa4 20. g3 g5 21. a3 Rd8 22. Qc4 Qd7 23. c3 b5 24. Qb3 Qe7 25. Kh2 Be8 26. Qc2 Bc6 27. Nb3 Ra8 28. c4 bxc4 29. Qxc4 1/2-1/2

[Event "GER HS-093 email"]
[Site "GER email"]
[Date "2011.01.30"]
[Round "?"]
[White "Pukropski, Goetz"]
[Black "Reichelt, Holger"]
[Result "0-1"]
[WhiteElo "1936"]
[BlackElo "1880"]
[PlyCount "74"]
[EventDate "2011.02.03"]
[EventType "tourn (corr)"]
[EventRounds "6"]
[EventCountry "GER"]
[SourceTitle "Corr 2015"]
[Source "ChessBase"]
[SourceDate "2015.07.17"]
[SourceVersion "1"]
[SourceVersionDate "2015.07.17"]
[SourceQuality "1"]
[WhiteTeam "Germany"]
[BlackTeam "Latvia"]
[WhiteTeamCountry "GER"]
[BlackTeamCountry "LAT"]

1. f4 g6 2. Nf3 Bg7 3. e4 c5 4. Bc4 Nc6 5. 0-0 e6 6. Nc3 Nge7 7. d3 d5 8. Bb3 0-0 9. Qe2 Nd4 10. Nxd4 cxd4 11. Nd1 dxe4 12. dxe4 a5 13. a4 b6 14. Bc4 Bb7 15. Nf2 Qd7 16. Nd3 Qc6 17. b3 Qxe4 18. Qxe4 Bxe4 19. Ba3 Rfe8 20. Rae1 Bb7 21. Bb5 Bc6 22. Bxc6 Nxc6 23. Kf2 Ne7 24. Bxe7 Rxe7 25. Re2 Rc7 26. Nb2 Rb8 27. Rd1 h5 28. Nc4 b5 29. axb5 Rxb5 30. Ne5 Bxe5 31. fxe5 Rd5 32. Kf3 Kg7 33. Rd3 Rdc5 34. Rxd4 Rc3+ 35. Rd3 Rxc2 36. Rxc2 Rxc2 37. h4 g5 0-1